Normale Ansicht MARC-Ansicht ISBD

Nationalismus und Demokratie im Frankreich der dritten Republik (1871 - 1918) / (Titelsatznr. 37304)

[ MARC ]
MARC-Details
000 -Satzkennung
Kontrollfeld mit fester Länge 00658nam a22002411c 4500
001 - Kontrollnummer
Kontrollfeld a987674082
008 - Feld mit fester Länge zur physischen Beschreibung - Allgemeine Angaben
Kontrollfeld mit fester Länge 150710s1933 gw a||| 000u ger d
041 ## - Sprachcode
Sprachcode des Textes/der Tonspur oder des separaten Titels ger
040 ## - Katalogisierungsquelle
Übertragungsstelle RU-10907106
003 - Kontrollnummer Identifier
Kontrollfeld RU-10907106
100 1# - Haupteintragung - Personenname
Personenname Frank, Walter
245 00 - Titel
Titel Nationalismus und Demokratie im Frankreich der dritten Republik (1871 - 1918) /
Verfasserangabe etc. Walter Frank
250 ## - Ausgabebezeichnung
Ausgabebezeichnung 3. Aufl
264 ## - Produktion, Veröffentlichung, Distribution, Herstellung und Urheberrechtsvermerk
Herstellungs-, Veröffentlichungs- Vertriebs-, Erzeugungsort Hamburg :
Produzent, Herausgeber, Distributor, Hersteller Hanseatische Verl.-Anst,
Datum der Herstellung, der Veröffentlichung, des Vertriebs oder des Urheberschutzvermerks 1933
300 ## - Physische Beschreibung
Umfang 652 S. : Ill. [6 Taf.]
600 #0 - Nebeneintragung unter einem Schlagwort - Personenname
Personenname Barrès, Maurice
600 #0 - Nebeneintragung unter einem Schlagwort - Personenname
Personenname Gambetta, Léon
648 #0 - Nebeneintragung unter einem Schlagwort - Zeitschlagwort
Zeitschlagwort 1871-1918
650 #0 - Nebeneintragung unter einem Schlagwort - Sachschlagwort
Sachschlagwort oder geografischer Name als Eintragungselement Demokratie
650 #0 - Nebeneintragung unter einem Schlagwort - Sachschlagwort
Sachschlagwort oder geografischer Name als Eintragungselement Nationalismus
651 #0 - Nebeneintragung unter einem Schlagwort - Geografischer Name
Geografischer Name Frankreich
942 ## - Zusätzliche Felder (Koha)
Koha-Medientyp Monographien
Exemplare
Ausgeschieden Verloren Klassifikation oder Aufstellungssystematik Beschädigt Nicht entleihbar Heimatbibliothek Aufenthaltsbibliothek Aufstellungsort Erwerbungsdatum Inventarnummer Signatur Barcode Letzte Aktivität Preis gültig von Koha-Medientyp
    Andere/Generische Klassifikation     MWN Osteuropa MWN Osteuropa Lesesaal - 1 10/07/2015 15-00496 Ersatzß W 54 D eh Fra E0040150790F0843 23/02/2021 22/03/2021 Monographien